| 000 | 00000nam 2200000zi 4500 |
| 001 | 9.931335 |
| 003 | CaOODSP |
| 005 | 20240125142552 |
| 006 | m o d f |
| 007 | cr |n||||||||| |
| 008 | 231211s2020 onc ob f000 0 eng d |
| 040 | |aCaOODSP|beng|erda|cCaOODSP |
| 043 | |an-cn--- |
| 086 | 1 |aNG21-11/2020E-PDF |
| 245 | 00|aSecurity policy. |
| 246 | 37|aNGC security policy |
| 264 | 1|a[Ottawa] : |bNational Gallery of Canada = Musée des beaux-arts du Canada, |c[2020] |
| 300 | |a1 online resource (8 pages) |
| 336 | |atext|btxt|2rdacontent |
| 337 | |acomputer|bc|2rdamedia |
| 338 | |aonline resource|bcr|2rdacarrier |
| 500 | |aCover title. |
| 500 | |a"This Policy was approved by the Board of Trustees on 8 December 2020"--cover page. |
| 500 | |aIssued also in French under title: La politique de sécurité. |
| 504 | |aIncludes bibliographical references (page 8). |
| 610 | 20|aNational Gallery of Canada|xSecurity measures. |
| 710 | 2 |aNational Gallery of Canada, |eissuing body. |
| 775 | 08|tLa politique de sécurité.|w(CaOODSP)9.931337 |
| 856 | 40|qPDF|s206 KB|uhttps://publications.gc.ca/collections/collection_2023/mbac-ngc/NG21-11-2020-eng.pdf |